书目信息 |
| 题名: |
水库水环境模拟预测与评价
|
|
| 作者: | 叶守泽 编著 | |
| 分册: | ||
| 出版信息: | 北京 中国水利水电出版社 1998.05 |
|
| 页数: | 173页 | |
| 开本: | 16开 | |
| 丛书名: | ||
| 单 册: | ||
| 中图分类: | TV697.2 | |
| 科图分类: | ||
| 主题词: | 水利枢纽--水利工程 | |
| 电子资源: | ||
| ISBN: | 7-80124-443-5 | |
| 000 | 00601nam0 2200193 45 | |
| 001 | 0008181140 | |
| 005 | 20000818110519.6 | |
| 010 | @a7-80124-443-5@d18.00元 | |
| 100 | @a20000818d1998 km y0chiy0120 ea | |
| 101 | 0 | @achi |
| 105 | @a z 000yy | |
| 200 | 1 | @a水库水环境模拟预测与评价@AShui Ku Shui Huan Jing Mo Ni Yu Ce Yu Ping Jia@f叶守泽等编著@FYe Shou Ze Deng Bian Zhu |
| 210 | @a北京@c中国水利水电出版社@d1998.05 | |
| 215 | @a173页@d16开 | |
| 606 | 0 | @a水利枢纽@x水利工程 |
| 690 | @aTV697.2@v3 | |
| 701 | 0 | @a叶守泽@4编著 |
| 801 | @aCN@bPftUser@c20000818 | |
| 905 | @b110709-711@dTV697.2@eY951@f3 | |
| 水库水环境模拟预测与评价/叶守泽等编著.-北京:中国水利水电出版社,1998.05 |
| 173页;16开 |
| ISBN 7-80124-443-5:18.00元 |
| ● |
| 相关链接 |
|
|
|
正题名:水库水环境模拟预测与评价
索取号:TV697.2/Y951
 
预约/预借
| 序号 | 登录号 | 条形码 | 馆藏地/架位号 | 状态 | 备注 |
| 1 | 110709 | 201107097 | 自科二线400A/400A自科库 27排1列5层/ [索取号:TV697.2/Y951] | 在馆 | |
| 2 | 110710 | 201107104 | 自科二线400A/400A自科库 26排1列4层/ [索取号:TV697.2/Y951] | 在馆 | |
| 3 | 110711 | 201107113 | 期刊室512/501自科库 48排4列4层/ [索取号:TV697.2/Y951] | 在馆 |